Statistics for World Cities Based on Location A-Z - #1

Click here to take the quiz!

General Stats

  • This quiz has been taken 27,629 times
  • The average score is 15 of 26

Answers on the Map

Answers color-coded by a green-red scale on the quiz's map according to % correct below.
 

Answer Stats

LetterCity% Correct
NNew York City
92%
MMadrid
91%
SSeattle
86%
EEdinburgh
79%
WWellington
78%
KKyiv
76%
JJohannesburg
71%
UUlaanbaatar
71%
OOttawa
68%
QQuito
68%
BBaghdad
66%
ZZürich
65%
RRabat
63%
HHo Chi Minh City
62%
IIslamabad
62%
CCork
57%
VVilnius
55%
DDarwin
52%
GGothenburg
43%
YYerevan
43%
LLuxor
42%
PParamaribo
42%
TThimphu
37%
AAbidjan
28%
FFortaleza
26%
XXiamen
25%

Score Distribution

Percentile by Number Answered

Percent of People with Each Score

Your Score History

You have not taken this quiz